[Event "1516LLO"]
[Site "Mecklenburg-Vorpommern"]
[Date "2016.01.17"]
[Round "5.3"]
[White "Moritz, Hartmut"]
[Black "Schulz, Wolf Detlef"]
[Result "1-0"]
[WhiteElo "1852"]
[BlackElo "1732"]
[PlyCount "47"]
[EventType "team-tourn"]
[EventRounds "9"]
[EventCountry "GER"]
[SourceDate "2015.09.20"]
[WhiteTeam "SSC Rostock 07 III"]
[BlackTeam "SSC Graal-Mueritz"]
[WhiteTeamCountry "GER"]
[BlackTeamCountry "GER"]

1. e4 e6 2. d4 d5 3. e5 c5 4. c3 Nc6 5. Nf3 Qb6 6. a3 a5 7. a4 cxd4 8. cxd4
Bb4+ 9. Nc3 Nge7 10. Bd3 Bd7 11. Be3 O-O 12. Bxh7+ Kh8 13. Ng5 g6 14. Qf3 Nf5
15. Bxg6 Kg7 16. Bxf5 Rh8 17. Bxe6 Bxe6 18. Qf6+ Kg8 19. Nxe6 fxe6 20. Qxe6+
Kf8 21. Bh6+ Rxh6 22. Qxh6+ Kg8 23. O-O Rd8 24. Nxd5 1-0

[Event "1516LLO"]
[Site "Mecklenburg-Vorpommern"]
[Date "2016.01.17"]
[Round "5.4"]
[White "Micheel, Peter"]
[Black "Menkhaus, Wolf Dieter"]
[Result "1/2-1/2"]
[WhiteElo "1759"]
[BlackElo "1828"]
[PlyCount "21"]
[EventType "team-tourn"]
[EventRounds "9"]
[EventCountry "GER"]
[SourceDate "2015.09.20"]
[WhiteTeam "SSC Graal-Mueritz"]
[BlackTeam "SSC Rostock 07 III"]
[WhiteTeamCountry "GER"]
[BlackTeamCountry "GER"]

1. e4 e5 2. Nf3 Nf6 3. Nxe5 d6 4. Nf3 Nxe4 5. Nc3 Nxc3 6. dxc3 Be7 7. Be3 Nc6
8. Qd2 O-O 9. O-O-O a5 10. h4 Bg4 11. Be2 1/2-1/2

[Event "1516LLO"]
[Site "Mecklenburg-Vorpommern"]
[Date "2016.01.17"]
[Round "5.5"]
[White "Herde, Dittmar"]
[Black "Poppe, Thomas"]
[Result "1/2-1/2"]
[WhiteElo "1814"]
[BlackElo "1670"]
[PlyCount "45"]
[EventType "team-tourn"]
[EventRounds "9"]
[EventCountry "GER"]
[SourceDate "2015.09.20"]
[WhiteTeam "SSC Rostock 07 III"]
[BlackTeam "SSC Graal-Mueritz"]
[WhiteTeamCountry "GER"]
[BlackTeamCountry "GER"]

1. d4 d5 2. c4 e6 3. Nc3 Nf6 4. Bg5 Bb4 5. e3 Nbd7 6. Rc1 O-O 7. Nf3 c6 8. Bd3
Qa5 9. Bxf6 Nxf6 10. a3 Bxc3+ 11. Rxc3 dxc4 12. Bb1 Nd5 13. Qc2 g6 14. h4 Nxc3
15. bxc3 Qxa3 16. h5 Qb3 17. Qc1 a5 18. hxg6 fxg6 19. Ne5 b5 20. e4 a4 21. Nxg6
hxg6 22. Rh8+ Kxh8 23. Qh6+ 1/2-1/2

[Event "1516LLO"]
[Site "Mecklenburg-Vorpommern"]
[Date "2016.01.17"]
[Round "5.6"]
[White "Schumann, Lutz"]
[Black "Hochgraefe, Hans Juergen"]
[Result "1-0"]
[WhiteElo "1661"]
[BlackElo "1751"]
[PlyCount "75"]
[EventType "team-tourn"]
[EventRounds "9"]
[EventCountry "GER"]
[SourceDate "2015.09.20"]
[WhiteTeam "SSC Graal-Mueritz"]
[BlackTeam "SSC Rostock 07 III"]
[WhiteTeamCountry "GER"]
[BlackTeamCountry "GER"]

1. c4 Nf6 2. Nc3 e6 3. g3 d5 4. cxd5 exd5 5. d3 c6 6. Bg2 h6 7. Nf3 Be7 8. O-O
O-O 9. Qc2 Re8 10. b3 Bf5 11. Bb2 Qc8 12. Rfe1 Nbd7 13. e4 dxe4 14. dxe4 Bh7
15. Bh3 Qb8 16. Qe2 Bb4 17. Bxd7 Nxd7 18. Qc4 Bd6 19. Rad1 Ne5 20. Nxe5 Bxe5
21. Rd7 Rf8 22. f4 Qc8 23. Red1 b5 24. Qc5 Bc7 25. Kg2 Bb6 26. Qd6 a5 27. b4
axb4 28. Qxb4 Ba5 29. Qd4 Bxc3 30. Bxc3 f6 31. e5 Bf5 32. Rd6 Rxa2+ 33. Bb2
Bh3+ 34. Kg1 Qf5 35. Rxc6 Kh7 36. exf6 Rxf6 37. Rc7 Rg6 38. Rxg7+ 1-0

[Event "1516LLO"]
[Site "Mecklenburg-Vorpommern"]
[Date "2016.01.17"]
[Round "5.7"]
[White "Raitza, Egon"]
[Black "Hausmann, Ulrich"]
[Result "1/2-1/2"]
[WhiteElo "1688"]
[BlackElo "1653"]
[PlyCount "91"]
[EventType "team-tourn"]
[EventRounds "9"]
[EventCountry "GER"]
[SourceDate "2015.09.20"]
[WhiteTeam "SSC Rostock 07 III"]
[BlackTeam "SSC Graal-Mueritz"]
[WhiteTeamCountry "GER"]
[BlackTeamCountry "GER"]

1. d4 d6 2. c4 e6 3. e4 Bd7 4. Nf3 Nc6 5. Nc3 Nf6 6. Be2 h6 7. O-O e5 8. d5 Ne7
9. b4 Ng6 10. Re1 Be7 11. Qc2 Qc8 12. Bd2 Nh5 13. Nxe5 Nxe5 14. Bxh5 Nxc4 15.
Bf4 Bf6 16. Rac1 a6 17. a4 Bg4 18. Bxg4 Qxg4 19. Ne2 b5 20. h3 Qd7 21. Red1 Rc8
22. Nd4 Bxd4 23. Rxd4 Qe7 24. axb5 axb5 25. Ra1 O-O 26. Ra7 Rfe8 27. Bc1 f5 28.
f3 Qe5 29. Qd1 Ra8 30. Rxa8 Rxa8 31. exf5 Ra1 32. Re4 Qc3 33. Re1 Qxb4 34. Qe2
Qc5+ 35. Kh2 Ne5 36. f4 Rxc1 37. Rxc1 Qxc1 38. fxe5 Qf4+ 39. g3 Qxe5 40. Qxb5
c5 41. Qc6 Qe2+ 42. Kg1 Qe5 43. Kg2 Kf7 44. Qd7+ Kf8 45. Qd8+ Kf7 46. Qd7+
1/2-1/2

[Event "1516LLO"]
[Site "Mecklenburg-Vorpommern"]
[Date "2016.01.17"]
[Round "5.8"]
[White "Rath, Wolfgang"]
[Black "Worm, Alfred"]
[Result "1-0"]
[WhiteElo "1620"]
[BlackElo "1673"]
[PlyCount "120"]
[EventType "team-tourn"]
[EventRounds "9"]
[EventCountry "GER"]
[SourceDate "2015.09.20"]
[WhiteTeam "SSC Graal-Mueritz"]
[BlackTeam "SSC Rostock 07 III"]
[WhiteTeamCountry "GER"]
[BlackTeamCountry "GER"]

1. e4 c6 2. d4 d5 3. exd5 cxd5 4. Bd3 Nf6 5. Bg5 e6 6. Nd2 h6 7. Bh4 Nc6 8. c3
Bd6 9. Ne2 a6 10. O-O Qc7 11. Bg3 b5 12. Bxd6 Qxd6 13. Ng3 Bb7 14. Nh5 Nxh5 15.
Qxh5 Qf4 16. Nb3 Ne7 17. Nc5 Bc8 18. Rae1 g6 19. Qe2 Nf5 20. g3 Qd6 21. Qg4 O-O
22. Re5 Qd8 23. f4 h5 24. Qh3 Nh6 25. Qg2 Ng4 26. Ree1 Nf6 27. h3 Nd7 28. Nxe6
fxe6 29. Rxe6 Nf6 30. Re5 Kh7 31. Rfe1 Rf7 32. Qc2 Ne4 33. Bxe4 dxe4 34. Qxe4
Bf5 35. Qg2 Raa7 36. g4 Bc8 37. gxh5 Qf6 38. hxg6+ Qxg6 39. Rg5 Qh6 40. Qe4+
Kh8 41. Qe8+ Qf8 42. Rh5+ Kg8 43. Qe5 Rg7+ 44. Kh2 Raf7 45. Rg1 Qe7 46. Rhg5
Qxe5 47. fxe5 Rf2+ 48. R5g2 Rfxg2+ 49. Rxg2 Rxg2+ 50. Kxg2 Be6 51. a3 Kf7 52.
Kg3 Kg6 53. h4 Kf5 54. h5 Kg5 55. h6 Kxh6 56. Kf4 Kg6 57. Ke4 Bc4 58. d5 Kf7
59. Kd4 Ke7 60. Kc5 Kd7 1-0

[Event "1516LLO"]
[Site "Mecklenburg-Vorpommern"]
[Date "2016.01.17"]
[Round "5.1"]
[White "Bugdahl, Felix"]
[Black "Voelsgen, Georg"]
[Result "1-0"]
[WhiteElo "1781"]
[BlackElo "1994"]
[PlyCount "65"]
[EventType "team-tourn"]
[EventRounds "9"]
[EventCountry "GER"]
[SourceDate "2015.09.20"]
[WhiteTeam "SG Neubrandenburg II"]
[BlackTeam "SV Gryps"]
[WhiteTeamCountry "GER"]
[BlackTeamCountry "GER"]

1. b3 d5 2. Bb2 Nf6 3. f4 c5 4. e3 Nc6 5. Nf3 Bg4 6. Bb5 e6 7. h3 Bf5 8. Ne5
Qb6 9. Bxc6+ bxc6 10. O-O h5 11. d3 h4 12. Nc3 Nh5 13. e4 Ng3 14. exf5 Nxf1 15.
Kxf1 exf5 16. Qe1 Be7 17. Na4 Qc7 18. Ba3 Rh6 19. Bxc5 Bxc5 20. Nxc5 Kf8 21.
Qb4 Kg8 22. Ncd7 f6 23. Qe7 Rc8 24. Nf7 Qxf4+ 25. Ke2 Rg6 26. Rg1 Qd4 27. Nd8
Rxd8 28. Qxd8+ Kh7 29. Nf8+ Kh6 30. Nxg6 Qxg1 31. Nxh4 Kh7 32. Qd7 Qd4 33.
Qxg7+ 1-0

[Event "1516LLO"]
[Site "Mecklenburg-Vorpommern"]
[Date "2016.01.17"]
[Round "5.2"]
[White "Mauser, Tassilo Tino"]
[Black "Hartung, Lothar"]
[Result "1/2-1/2"]
[WhiteElo "1807"]
[BlackElo "1741"]
[PlyCount "49"]
[EventType "team-tourn"]
[EventRounds "9"]
[EventCountry "GER"]
[SourceDate "2015.09.20"]
[WhiteTeam "SV Gryps"]
[BlackTeam "SG Neubrandenburg II"]
[WhiteTeamCountry "GER"]
[BlackTeamCountry "GER"]

1. Nf3 c5 2. b3 d5 3. Bb2 Nc6 4. e3 e6 5. d4 Nf6 6. Bd3 a6 7. O-O Be7 8. Nbd2
Nb4 9. Be2 b6 10. Ne5 Bb7 11. f4 Ne4 12. Nxe4 dxe4 13. c4 O-O 14. a3 Nc6 15.
Qe1 Bh4 16. Qc3 cxd4 17. exd4 Bf6 18. Rad1 Qc7 19. Rd2 Nxe5 20. fxe5 Bg5 21.
Rdd1 Rad8 22. Qg3 Qe7 23. Bc3 Bh4 24. Qg4 Qg5 25. Qxg5 1/2-1/2

[Event "1516LLO"]
[Site "Mecklenburg-Vorpommern"]
[Date "2016.01.17"]
[Round "5.3"]
[White "Meyer, Detlef"]
[Black "Rogasch, Miriam"]
[Result "1-0"]
[WhiteElo "1775"]
[BlackElo "1828"]
[PlyCount "55"]
[EventType "team-tourn"]
[EventRounds "9"]
[EventCountry "GER"]
[SourceDate "2015.09.20"]
[WhiteTeam "SG Neubrandenburg II"]
[BlackTeam "SV Gryps"]
[WhiteTeamCountry "GER"]
[BlackTeamCountry "GER"]

1. e4 e5 2. Nf3 Nc6 3. d4 exd4 4. Nxd4 Bc5 5. Nxc6 bxc6 6. Bc4 d5 7. exd5 Bxf2+
8. Kxf2 Qh4+ 9. g3 Qxc4 10. Re1+ Ne7 11. Nc3 Bb7 12. Re4 Qc5+ 13. Be3 Qd6 14.
Bg5 f6 15. Bf4 Qc5+ 16. Be3 Qd6 17. Re6 Qd7 18. Bc5 O-O 19. Rxe7 Qh3 20. Qf3
cxd5 21. Kg1 Rfd8 22. Nb5 Rab8 23. Nd4 Ba8 24. b4 a6 25. Rae1 Bb7 26. Rxc7 Rdc8
27. Rce7 a5 28. a3 1-0

[Event "1516LLO"]
[Site "Mecklenburg-Vorpommern"]
[Date "2016.01.17"]
[Round "5.4"]
[White "Wagner, Swenja"]
[Black "Rehbein, Hans Juergen"]
[Result "0-1"]
[WhiteElo "1709"]
[BlackElo "1688"]
[PlyCount "64"]
[EventType "team-tourn"]
[EventRounds "9"]
[EventCountry "GER"]
[SourceDate "2015.09.20"]
[WhiteTeam "SV Gryps"]
[BlackTeam "SG Neubrandenburg II"]
[WhiteTeamCountry "GER"]
[BlackTeamCountry "GER"]

1. e4 c5 2. Nf3 d6 3. d4 cxd4 4. Nxd4 a6 5. Nc3 g6 6. Be3 Bg7 7. Qd2 Nf6 8. f3
O-O 9. Bc4 Bd7 10. Bb3 Nc6 11. O-O-O Na5 12. Kb1 Nxb3 13. axb3 Qa5 14. h4 h5
15. Rdg1 Qb4 16. Nde2 a5 17. Nd5 Nxd5 18. exd5 Qxd2 19. Bxd2 a4 20. Bc3 axb3
21. cxb3 Bf5+ 22. Kc1 Ra1+ 23. Kd2 Bh6+ 24. f4 Rxg1 25. Rxg1 Be4 26. g3 Bxd5
27. Bb4 Bxb3 28. Rc1 Re8 29. Nc3 Rc8 30. Re1 Rc4 31. Ba3 e5 32. Bxd6 Rd4+ 0-1

[Event "1516LLO"]
[Site "Mecklenburg-Vorpommern"]
[Date "2016.01.17"]
[Round "5.5"]
[White "Leisner, Ekkehardt"]
[Black "Sadewasser, Lucie"]
[Result "0-1"]
[WhiteElo "1679"]
[BlackElo "1552"]
[PlyCount "140"]
[EventType "team-tourn"]
[EventRounds "9"]
[EventCountry "GER"]
[SourceDate "2015.09.20"]
[WhiteTeam "SG Neubrandenburg II"]
[BlackTeam "SV Gryps"]
[WhiteTeamCountry "GER"]
[BlackTeamCountry "GER"]

1. c4 Nf6 2. Nf3 g6 3. Nc3 Bg7 4. g3 O-O 5. Bg2 d6 6. O-O c6 7. e4 Be6 8. b3
Qc8 9. d4 Bg4 10. Be3 Rd8 11. Qd2 Bxf3 12. Bxf3 Qh3 13. Bg2 Qh5 14. f3 Qa5 15.
Rac1 Qa6 16. Rfd1 Nbd7 17. Bf1 b6 18. a4 Qb7 19. Rb1 d5 20. e5 Ne8 21. f4 Nf8
22. Bg2 e6 23. cxd5 cxd5 24. Rdc1 Nd7 25. Rc2 Bf8 26. b4 Rdc8 27. Na2 Rxc2 28.
Qxc2 Rc8 29. Qd2 Qa6 30. Qd1 Rc7 31. Bf1 Qc8 32. Rc1 Rxc1 33. Qxc1 Qxc1 34.
Bxc1 Ng7 35. g4 Nb8 36. b5 Be7 37. Bd2 Ba3 38. Nb4 Bxb4 39. Bxb4 Nd7 40. Bd3 h5
41. h3 hxg4 42. hxg4 Kh7 43. Kf2 Kh6 44. Bd2 Ne8 45. f5+ g5 46. fxe6 fxe6 47.
Ke1 Nf8 48. Bb4 Ng6 49. Bd6 Nxd6 50. exd6 Nf8 51. Kf2 Kg7 52. Ke3 Kf7 53. Bc2
Ke8 54. Kd3 Kd7 55. Ke3 Kxd6 56. Bd1 e5 57. dxe5+ Kxe5 58. Bf3 Ne6 59. Bd1 Nc5
60. Bc2 a6 61. bxa6 Nxa6 62. Bd3 Nc5 63. Bc2 d4+ 64. Kf2 d3 65. Bd1 Kd4 66. Kf3
Ne4 67. Kg2 Nc3 68. Bb3 d2 69. Kf3 d1=Q+ 70. Bxd1 Nxd1 0-1

[Event "1516LLO"]
[Site "Mecklenburg-Vorpommern"]
[Date "2016.01.17"]
[Round "5.6"]
[White "Springer, Guido"]
[Black "Buenz, Heinrich"]
[Result "1-0"]
[WhiteElo "1743"]
[BlackElo "1678"]
[PlyCount "99"]
[EventType "team-tourn"]
[EventRounds "9"]
[EventCountry "GER"]
[SourceDate "2015.09.20"]
[WhiteTeam "SV Gryps"]
[BlackTeam "SG Neubrandenburg II"]
[WhiteTeamCountry "GER"]
[BlackTeamCountry "GER"]

1. e4 e5 2. Nf3 Nc6 3. Nc3 Nf6 4. d4 exd4 5. Nxd4 Nxd4 6. Qxd4 b6 7. Bg5 Be7 8.
e5 Ng8 9. Be3 Bb7 10. Bc4 Bc5 11. Qf4 Qe7 12. Bxc5 bxc5 13. O-O-O Nh6 14. Nd5
Bxd5 15. Rxd5 O-O 16. g4 Qh4 17. Rxd7 Rad8 18. e6 fxe6 19. Bxe6+ Kh8 20. Rhd1
Rde8 21. Qe5 Qf6 22. Qxf6 Rxf6 23. Bc4 Nxg4 24. Rxc7 Nxh2 25. Rxa7 Rxf2 26. Re7
Ref8 27. Rdd7 Rg2 28. Re5 Ng4 29. Rxc5 Ne3 30. Bd3 Ng4 31. b4 Nf6 32. Re7 h5
33. b5 h4 34. Rc4 g5 35. b6 Nd5 36. Rh7+ Kg8 37. b7 Nb6 38. Rcc7 Rb8 39. Rcg7+
Kf8 40. Rf7+ Kg8 41. Rc7 Rg1+ 42. Kb2 Rg4 43. Kb3 Rg3 44. a4 h3 45. a5 Rxd3+
46. cxd3 Nd5 47. Rcg7+ Kf8 48. Rxg5 h2 49. Rxd5 Rxb7+ 50. Rxb7 1-0

[Event "1516LLO"]
[Site "Mecklenburg-Vorpommern"]
[Date "2016.01.17"]
[Round "5.7"]
[White "Friedrich, Joerg"]
[Black "Hollatz, Michael"]
[Result "1-0"]
[WhiteElo "1619"]
[BlackElo "1767"]
[PlyCount "85"]
[EventType "team-tourn"]
[EventRounds "9"]
[EventCountry "GER"]
[SourceDate "2015.09.20"]
[WhiteTeam "SG Neubrandenburg II"]
[BlackTeam "SV Gryps"]
[WhiteTeamCountry "GER"]
[BlackTeamCountry "GER"]

1. d4 d5 2. a3 Nf6 3. Nc3 Bf5 4. Bg5 e6 5. Nf3 Nbd7 6. Nh4 Bg6 7. Nxg6 hxg6 8.
e4 Be7 9. e5 Nh7 10. Bxe7 Qxe7 11. Qd2 Nb6 12. O-O-O a6 13. h4 Nf8 14. g3 Nfd7
15. Bd3 c5 16. dxc5 Nxc5 17. Be2 Rc8 18. Kb1 Qc7 19. f4 Qc6 20. Rh2 Ncd7 21.
Bd3 Nc4 22. Bxc4 Qxc4 23. Rdh1 b5 24. h5 g5 25. Ne2 Qc7 26. c3 Nc5 27. Nd4 Ne4
28. Qe3 gxf4 29. gxf4 Qd7 30. Qg1 Rh7 31. f5 exf5 32. e6 Qc7 33. exf7+ Qxf7 34.
Qg6 Rh6 35. Qxf7+ Kxf7 36. Nxf5 Rf6 37. Ne3 Ke6 38. Rg2 Rc7 39. Ng4 Rf5 40. h6
gxh6 41. Rxh6+ Ke7 42. Ne3 Rg5 43. Rxg5 1-0

[Event "1516LLO"]
[Site "Mecklenburg-Vorpommern"]
[Date "2016.01.17"]
[Round "5.8"]
[White "Decker, Lutz"]
[Black "Lange, Ingo"]
[Result "0-1"]
[WhiteElo "1060"]
[BlackElo "1720"]
[PlyCount "80"]
[EventType "team-tourn"]
[EventRounds "9"]
[EventCountry "GER"]
[SourceDate "2015.09.20"]
[WhiteTeam "SV Gryps"]
[BlackTeam "SG Neubrandenburg II"]
[WhiteTeamCountry "GER"]
[BlackTeamCountry "GER"]

1. e4 c6 2. Bc4 d5 3. exd5 cxd5 4. Bb5+ Bd7 5. Bxd7+ Qxd7 6. d3 Nf6 7. Nf3 Nc6
8. d4 e6 9. Bf4 Bd6 10. Ne5 Qc7 11. Qe2 Nxd4 12. Qd2 Bxe5 13. c3 Nc6 14. g3
Bxf4 15. gxf4 Ne4 16. Qe3 Qb6 17. Nd2 Qxe3+ 18. fxe3 Nxd2 19. Kxd2 Rc8 20. Rhg1
g6 21. Rac1 Ne7 22. Kd3 Nf5 23. Rg4 Ke7 24. Rd1 Nd6 25. Kd4 Rc4+ 26. Kd3 Ne4
27. Rg2 b5 28. a3 a5 29. Rc1 Rhc8 30. Rgc2 b4 31. axb4 axb4 32. b3 Nc5+ 33. Ke2
Nxb3 34. Rb1 Rxc3 35. Rcb2 Nc1+ 36. Kd2 Rd3+ 37. Ke1 Rxe3+ 38. Kd2 Re2+ 39. Kd1
Rxb2 40. Rxb2 Nd3 0-1

[Event "1516LLO"]
[Site "Mecklenburg-Vorpommern"]
[Date "2016.02.21"]
[Round "6.1"]
[White "Luethke, Hans Eckart"]
[Black "Hartung, Lothar"]
[Result "1-0"]
[WhiteElo "2122"]
[BlackElo "1741"]
[PlyCount "65"]
[EventType "team-tourn"]
[EventRounds "9"]
[EventCountry "GER"]
[SourceDate "2015.09.20"]
[WhiteTeam "SSC Graal-Mueritz"]
[BlackTeam "SG Neubrandenburg II"]
[WhiteTeamCountry "GER"]
[BlackTeamCountry "GER"]

1. e4 c5 2. c3 e5 3. Nf3 Nc6 4. Bb5 Qc7 5. O-O a6 6. Ba4 b5 7. Bc2 Bd6 8. a4
Bb7 9. axb5 axb5 10. Rxa8+ Bxa8 11. Na3 Qb8 12. Qe2 Na7 13. d4 cxd4 14. cxd4
Bxa3 15. bxa3 d6 16. Bb2 f6 17. dxe5 dxe5 18. Nxe5 fxe5 19. Qh5+ g6 20. Qxe5+
Qxe5 21. Bxe5 Nf6 22. Bxf6 Rf8 23. Bb2 Rf7 24. f3 Nc8 25. Bb3 Ra7 26. Ra1 Bc6
27. Kf2 Nd6 28. Bd4 Rd7 29. Bc5 Nc4 30. Rd1 Rc7 31. Bb4 Rf7 32. Rc1 Bxe4 33.
Re1 1-0

[Event "1516LLO"]
[Site "Mecklenburg-Vorpommern"]
[Date "2016.02.21"]
[Round "6.2"]
[White "Meyer, Detlef"]
[Black "Van Bentum, Horst"]
[Result "0-1"]
[WhiteElo "1775"]
[BlackElo "1925"]
[PlyCount "126"]
[EventType "team-tourn"]
[EventRounds "9"]
[EventCountry "GER"]
[SourceDate "2015.09.20"]
[WhiteTeam "SG Neubrandenburg II"]
[BlackTeam "SSC Graal-Mueritz"]
[WhiteTeamCountry "GER"]
[BlackTeamCountry "GER"]

1. e4 e5 2. Nf3 Nc6 3. Nc3 Nf6 4. d3 Bb4 5. Bd2 d5 6. exd5 Nxd5 7. Nxd5 Bxd2+
8. Qxd2 Qxd5 9. Be2 O-O 10. O-O h6 11. h3 Be6 12. Rfe1 Rad8 13. Qc3 Rfe8 14. a3
Qd6 15. Rad1 Bd5 16. b4 a6 17. Qb2 Be6 18. Bf1 Bc8 19. Nd2 Qg6 20. Kh2 Qf6 21.
Kg1 Qg6 22. Kh2 Kh8 23. Nf3 Qd6 24. Kg1 Nd4 25. Nxd4 Qxd4 26. Qxd4 exd4 27. Be2
Kg8 28. Kf1 Kf8 29. Bf3 Rxe1+ 30. Kxe1 Re8+ 31. Kd2 Re5 32. Re1 Rxe1 33. Kxe1
b6 34. Bc6 Ke7 35. Kd2 Kd6 36. Be8 Be6 37. a4 a5 38. bxa5 bxa5 39. Bb5 Kc5 40.
c3 Bd5 41. f3 c6 42. Ba6 Bb3 43. f4 Bxa4 44. Bc4 f6 45. g4 Bb5 46. Bf7 g5 47.
fxg5 hxg5 48. Bg8 Ba6 49. Bf7 Bc8 50. Be8 dxc3+ 51. Kxc3 Be6 52. Bg6 Bd5 53.
Bf5 Bg2 54. Bc8 Bxh3 55. d4+ Kd5 56. Bf5 Bf1 57. Bd7 c5 58. dxc5 Kxc5 59. Be8
Be2 60. Bd7 Kd6 61. Bf5 Ke5 62. Kd2 Bc4 63. Ke3 Be6 0-1

[Event "1516LLO"]
[Site "Mecklenburg-Vorpommern"]
[Date "2016.02.21"]
[Round "6.3"]
[White "Schulz, Wolf Detlef"]
[Black "Rehbein, Hans Juergen"]
[Result "1-0"]
[WhiteElo "1732"]
[BlackElo "1688"]
[PlyCount "31"]
[EventType "team-tourn"]
[EventRounds "9"]
[EventCountry "GER"]
[SourceDate "2015.09.20"]
[WhiteTeam "SSC Graal-Mueritz"]
[BlackTeam "SG Neubrandenburg II"]
[WhiteTeamCountry "GER"]
[BlackTeamCountry "GER"]

1. e4 c5 2. Nc3 Nc6 3. f4 d6 4. Nf3 g6 5. Bc4 Bh6 6. O-O e6 7. d4 cxd4 8. Nxd4
Qb6 9. Be3 Qxb2 10. Ncb5 Qb4 11. Rb1 Qa5 12. Nxd6+ Kf8 13. Nxb7 Bxb7 14. Rxb7
Nxd4 15. Qxd4 Bg7 16. Qd6+ 1-0

[Event "1516LLO"]
[Site "Mecklenburg-Vorpommern"]
[Date "2016.02.21"]
[Round "6.4"]
[White "Leisner, Ekkehardt"]
[Black "Micheel, Peter"]
[Result "1/2-1/2"]
[WhiteElo "1679"]
[BlackElo "1759"]
[PlyCount "82"]
[EventType "team-tourn"]
[EventRounds "9"]
[EventCountry "GER"]
[SourceDate "2015.09.20"]
[WhiteTeam "SG Neubrandenburg II"]
[BlackTeam "SSC Graal-Mueritz"]
[WhiteTeamCountry "GER"]
[BlackTeamCountry "GER"]

1. c4 e5 2. Nc3 Nf6 3. g3 Nc6 4. Bg2 Bc5 5. e3 O-O 6. Nge2 Re8 7. d3 d6 8. O-O
a6 9. a3 Rb8 10. b4 Ba7 11. b5 Ne7 12. Bb2 c6 13. a4 Bb6 14. d4 Bc7 15. Qb3 Be6
16. Rfd1 Qc8 17. b6 Bd8 18. d5 Bd7 19. a5 c5 20. Bc1 Ng6 21. e4 Bh3 22. Qc2
Bxg2 23. Kxg2 Qg4 24. Ng1 Nh4+ 25. Kh1 Ng6 26. f3 Qd7 27. Rf1 h6 28. Be3 Nh7
29. Qg2 Bg5 30. Rae1 Bxe3 31. Rxe3 f5 32. exf5 Qxf5 33. Ne4 Qd7 34. h4 Rf8 35.
Nh3 Nf6 36. Kh2 Rf7 37. Qc2 Ne7 38. g4 Rbf8 39. Nxf6+ Rxf6 40. Kg3 Ng6 41. Re4
Nf4 1/2-1/2

[Event "1516LLO"]
[Site "Mecklenburg-Vorpommern"]
[Date "2016.02.21"]
[Round "6.5"]
[White "Hausmann, Ulrich"]
[Black "Buenz, Heinrich"]
[Result "0-1"]
[WhiteElo "1653"]
[BlackElo "1678"]
[PlyCount "108"]
[EventType "team-tourn"]
[EventRounds "9"]
[EventCountry "GER"]
[SourceDate "2015.09.20"]
[WhiteTeam "SSC Graal-Mueritz"]
[BlackTeam "SG Neubrandenburg II"]
[WhiteTeamCountry "GER"]
[BlackTeamCountry "GER"]

1. f4 d5 2. Nf3 Nf6 3. e3 Nc6 4. d4 Bf5 5. Bd3 Ne4 6. c3 e6 7. O-O Be7 8. Bxe4
Bxe4 9. Nbd2 O-O 10. Nxe4 dxe4 11. Ne5 Qe8 12. Qb3 Na5 13. Qc2 f6 14. Ng4 Qg6
15. Nf2 f5 16. Bd2 Nc4 17. b3 Nxd2 18. Qxd2 Rfd8 19. Qe2 c5 20. Rfd1 cxd4 21.
cxd4 Ba3 22. Rd2 Rac8 23. Rc2 Rxc2 24. Qxc2 Qe8 25. Rd1 Rc8 26. Qd2 Qb5 27. Rf1
Qb4 28. Qe2 Qc3 29. Rd1 Qb2 30. Qxb2 Bxb2 31. g4 Bc1 32. gxf5 exf5 33. Re1 Rc3
34. Nd1 Rc2 35. a4 Ba3 36. h3 a5 37. h4 h5 38. Rf1 Bb4 39. Rf2 Rc1 40. Rf1 Rb1
41. Nf2 Rxb3 42. Nd1 Kf7 43. Rf2 Rb1 44. Rf1 Ra1 45. Nb2 Rxf1+ 46. Kxf1 Ke6 47.
Ke2 Kd5 48. Kd1 Be7 49. Ke2 Bxh4 50. Nd1 Kc4 51. Kd2 Be7 52. Kc2 h4 53. Nf2 Kb4
54. Nd3+ exd3+ 0-1

[Event "1516LLO"]
[Site "Mecklenburg-Vorpommern"]
[Date "2016.02.21"]
[Round "6.7"]
[White "Lechnauer, Uwe"]
[Black "Friedrich, Joerg"]
[Result "1-0"]
[WhiteElo "1744"]
[BlackElo "1619"]
[PlyCount "119"]
[EventType "team-tourn"]
[EventRounds "9"]
[EventCountry "GER"]
[SourceDate "2015.09.20"]
[WhiteTeam "SSC Graal-Mueritz"]
[BlackTeam "SG Neubrandenburg II"]
[WhiteTeamCountry "GER"]
[BlackTeamCountry "GER"]

1. e4 c5 2. Nc3 Nc6 3. f4 a6 4. a4 e6 5. Bc4 Nge7 6. d3 d5 7. Bb3 d4 8. Nce2
Ng6 9. Nf3 Be7 10. O-O O-O 11. c3 dxc3 12. bxc3 Bd7 13. Kh1 Na5 14. Bc2 Qc7 15.
e5 Bc6 16. Bd2 Nh4 17. Qe1 Bxf3 18. gxf3 Nc6 19. Qg3 Nf5 20. Qh3 g6 21. Ng3 f6
22. Bb3 Nxg3+ 23. hxg3 fxe5 24. Bxe6+ Kh8 25. Kg2 exf4 26. Bxf4 Rxf4 27. gxf4
Qxf4 28. Rf2 Ne5 29. Rh1 h5 30. Bc4 Qg5+ 31. Qg3 Qxg3+ 32. Kxg3 Nxc4 33. dxc4
Bf6 34. Rc2 Rd8 35. Rb1 Rd7 36. Rb6 Kg7 37. Rcb2 Be5+ 38. Kg2 Kh6 39. Rxb7 Rd3
40. R7b3 Kg5 41. Re2 Kf5 42. Rb7 Bxc3 43. Rb3 Rd2 44. Rxd2 Bxd2 45. Rd3 Bb4 46.
Rd5+ Ke6 47. f4 a5 48. Kf3 Ba3 49. Ke4 Bb4 50. f5+ gxf5+ 51. Rxf5 h4 52. Rh5
Kd6 53. Rh6+ Kd7 54. Kd5 Ke7 55. Rxh4 Kf6 56. Rh6+ Kf5 57. Rc6 Kf4 58. Rxc5 Ke3
59. Rb5 Kd3 60. c5 1-0

[Event "1516LLO"]
[Site "Mecklenburg-Vorpommern"]
[Date "2016.02.21"]
[Round "6.1"]
[White "Paulowitz, Bernd Rainer"]
[Black "Dupke, Andreas"]
[Result "1-0"]
[WhiteElo "1887"]
[BlackElo "1791"]
[PlyCount "35"]
[EventType "team-tourn"]
[EventRounds "9"]
[EventCountry "GER"]
[SourceDate "2015.09.20"]
[WhiteTeam "FHSG Stralsund II"]
[BlackTeam "SG Neubrandenburg III"]
[WhiteTeamCountry "GER"]
[BlackTeamCountry "GER"]

1. d4 d5 2. c4 e6 3. Nc3 c6 4. Nf3 dxc4 5. a4 Bb4 6. e3 b5 7. Bd2 a6 8. b3 Bb7
9. bxc4 Bxc3 10. Bxc3 bxc4 11. Rb1 Ra7 12. Bxc4 a5 13. d5 f6 14. Qd4 Ra6 15.
Rxb7 e5 16. Qg4 g6 17. Qe6+ Ne7 18. d6 1-0

[Event "1516LLO"]
[Site "Mecklenburg-Vorpommern"]
[Date "2016.02.21"]
[Round "6.2"]
[White "Zibell, Walter"]
[Black "Rickmann, Niklas"]
[Result "1/2-1/2"]
[WhiteElo "1760"]
[BlackElo "1686"]
[PlyCount "50"]
[EventType "team-tourn"]
[EventRounds "9"]
[EventCountry "GER"]
[SourceDate "2015.09.20"]
[WhiteTeam "SG Neubrandenburg III"]
[BlackTeam "FHSG Stralsund II"]
[WhiteTeamCountry "GER"]
[BlackTeamCountry "GER"]

1. d4 g6 2. c4 Bg7 3. Nc3 d6 4. e4 Nc6 5. Be3 e5 6. Nf3 f5 7. dxe5 Nxe5 8. Nxe5
Bxe5 9. Qd2 Be6 10. Be2 Qf6 11. exf5 Qxf5 12. Bf3 Ne7 13. b3 c6 14. Rd1 O-O 15.
Ne4 d5 16. cxd5 Bxd5 17. Ng3 Bxg3 18. Bxd5+ Nxd5 19. hxg3 Nxe3 20. fxe3 Qg5 21.
g4 Rae8 22. Rh3 Qf6 23. Qe2 Qc3+ 24. Qd2 Qf6 25. Qe2 Qc3+ 1/2-1/2